| 000 | 00606cam a22002291 4500 | ||
|---|---|---|---|
| 001 | sa 68004100 | ||
| 003 | DLC | ||
| 005 | 20260227112459.0 | ||
| 008 | 930209s1967 ii a 000 1 hin | ||
| 010 | _asa 68004100 | ||
| 035 | _a(OCoLC)27400346 | ||
| 040 |
_aDLC _cWaU _dDLC |
||
| 042 | _apremarc | ||
| 050 | 0 | 0 |
_aPK2077 _b.P33 |
| 100 | 1 |
_aPandey, Sudhakar, _d1927- |
|
| 245 | 1 | 0 | _aViśishṭa kahāniyām̐. |
| 260 | _c[1967] | ||
| 300 |
_a208 p. _billus. _c19 cm. |
||
| 500 | _aIn Hindi. | ||
| 500 | _aIncludes short biographical sketches of the contributors. | ||
| 650 | 0 | _aShort stories, Hindi. | |
| 999 |
_c79968 _d79968 |
||